Theory of ordinary differential equations
Saved in:
| Main Authors: | , |
|---|---|
| Format: | Book |
| Language: | English |
| Published: |
Bombay
Tata McGraw-Hill
1955
|
| Subjects: | |
| Tags: |
Add Tag
No Tags, Be the first to tag this record!
|
MARC
| LEADER | 00000nam a2200000 a 4500 | ||
|---|---|---|---|
| 001 | UCP0757 | ||
| 003 | CL-VaPUC | ||
| 008 | 990319e19550000II |||||||||||||||||eng|d | ||
| 082 | 0 | 4 | |a 515.35 |b COD |2 21 |
| 100 | 0 | |a Coddington, Earl A |e author |9 426274 | |
| 700 | |a Levinson, Norman |e author |9 494494 | ||
| 245 | 1 | 0 | |a Theory of ordinary differential equations |
| 300 | |a 429 p | ||
| 942 | |c BK | ||
| 945 | |d 19990319 00:00:00 |a crobeson | ||
| 260 | |a Bombay |b Tata McGraw-Hill |c 1955 | ||
| 650 | 0 | |a Ecuaciones diferenciales |9 260083 | |
| 650 | 0 | |a Ecuaciones diferenciales ordinarias |9 270041 | |
| 650 | 7 | |a ECUACIONES DIFERENCIALES LINEALES |2 CL-VaPUC |9 270390 | |
| 650 | 0 | |a Sistemas lineales |9 384816 | |
| 583 | |a last modification |c 19990319 00:00:00 |k Rodrigo Vera | ||
| 999 | |c 279504 |d 279502 | ||
| 952 | |0 0 |1 0 |4 0 |6 515_350000000000000_COD_1955 |7 0 |8 A |9 319053 |a BIBMAT |b BIBMAT |d 2019-11-20 |i 1330020 |l 2 |o 515.35 COD 1955 |p 1330020 |r 2025-01-07 |s 2024-03-19 |w 2019-11-20 |y BK |k MAT | ||